| 000 | 00878nam a2200253Ia 4500 | ||
|---|---|---|---|
| 003 | OSt | ||
| 005 | 20220926010644.0 | ||
| 006 | a|||||r|||| 00| 0 | ||
| 007 | ta | ||
| 008 | 220923b |||||||| |||| 00| 0 eng d | ||
| 020 |
_a9780300142297 _c2047.5 |
||
| 037 |
_bG-4666/11-12, 27/03/2012, Manohar Publishers & Distributors _cGeneral Book |
||
| 040 |
_aRTL _cRTL _beng |
||
| 041 |
_2eng _aeng |
||
| 082 | _aY:3(NQ).237.N<- L, Q0/TD | ||
| 100 |
_aAitken Molly Emma _9312707 |
||
| 245 | 0 | _aIntelligence of tradition in Rajput court painting | |
| 260 |
_aNew Haven _bYale University Press _c2010 |
||
| 300 |
_axi, 340p. _ccm. |
||
| 500 | _aBibliography: P 323-32 | ||
| 650 | _aSociology | ||
| 942 |
_hY:3(NQ).237.N<- L, Q0/TD _cGB _2CC |
||
| 999 |
_c617937 _d617937 |
||